Logo BPK

Biblioteka

Politechniki Koszalińskiej

Wysokosprawne systemy wentylacji i klimatyzacji : (Rekord nr 56378)

Szczegóły MARC
000 -ETYKIETA REKORDU
podpole kontrolne o stałej długości 01371nam a2200289 i 4500
001 - NUMER KONTROLNY REKORDU
pole kontrolne bg
015 ## - NUMER BIBLIOGRAFII NARODOWEJ
Numer bibliografii narodowej PB 4050/2008
040 ## - ŹRÓDŁO KATALOGOWANIA
Instytucja, która utworzyła rekord BPK
041 0# - KOD JĘZYKA
Kod języka tekstu pol
Kod języka streszczenia lub abstraktu eng
044 ## - KOD KRAJU WYDAWCY/PRODUCENTA
Kod kraju wydawcy/producenta POL
080 ## - UNIWERSALNA KLASYFIKACJA DZIESIĘTNA - UKD
UKD 628.8-045.43
008 - POLE O STAŁEJ DŁUGOŚCI - DANE KONTROLNE
podpole kontrolne o stałej długości 090519s2007 pl a f |000 0 pol
100 1# - NAZWA OSOBOWA
Nazwa osobowa Przydróżny, Edward.
245 10 - TYTUŁ/ODPOWIEDZIALNOŚĆ
Tytuł Wysokosprawne systemy wentylacji i klimatyzacji :
Ciąg dalszy tytułu technologia i projektowanie /
Pozostałe elementy strefy tytułu i oznaczenia odpowiedzialności Edward Przydróżny.
246 13 - WARIANT TYTUŁU
Tytuł High-efficiency ventilation and conditioning systems :
Ciąg dalszy tytułu technology and design
260 ## - STREFA ADRESU WYDAWNICZEGO
Miejsce wydania Wrocław :
Nazwa wydawcy/dystrybutora Oficyna Wydawnicza Politechniki Wrocławskiej,
Data publikacji, dystrybucji/powstania dokumentu 2007.
300 ## - STREFA OPISU FIZYCZNEGO
Objętość 219 s. :
Inne cechy fizyczne il. (w tym kolor.) ;
Rozmiary 24 cm.
490 1# - STREFA SERII I DOKUMENTU WIELOCZĘŚCIOWEGO - FORMA NIE DO WYSZUKIWANIA
Tytuł i oznaczenie odpowiedzialności serii Prace Naukowe Instytutu Inżynierii Ochrony Środowiska Politechniki Wrocławskiej. Monografie =
-- Scientific Papers of the Institute of Environment Protection Engineering of the Wrocław University of Technology. Monographs,
ISSN 0084-2869 ;
Numeracja w obrębie serii 50
500 ## - UWAGI OGÓLNE
Tekst uwagi Numeracja serii gł.: nr 85.
504 ## - UWAGA DOTYCZĄCA BIBLIOGRAFII
Informacje o bibliografii Bibliogr. s. 211-214.
546 ## - UWAGA O JĘZYKU
Uwaga o języku Streszcz. ang. Spis treści także ang.
650 #9 - HASŁO PRZEDMIOTOWE W FORMIE NAZWY OGÓLNEJ LUB JEDNOSTKOWEJ
Nazwa ogólna lub geograficzna Klimatyzacja
Określnik ogólny urządzenia
-- projekty
650 #9 - HASŁO PRZEDMIOTOWE W FORMIE NAZWY OGÓLNEJ LUB JEDNOSTKOWEJ
Nazwa ogólna lub geograficzna Wentylacja
Określnik ogólny urządzenia
-- projekty
830 #0 - HASŁO DODATKOWE SERII LUB DOKUMENTU WIELOCZĘŚCIOWEGO - TYTUŁ UJEDNOLICONY
Tytuł ujednolicony Prace Naukowe Instytutu Inżynierii Ochrony Środowiska Politechniki Wrocławskiej
Oznaczenie tomu 85
830 #0 - HASŁO DODATKOWE SERII LUB DOKUMENTU WIELOCZĘŚCIOWEGO - TYTUŁ UJEDNOLICONY
Tytuł ujednolicony Prace Naukowe Instytutu Inżynierii Ochrony Środowiska Politechniki Wrocławskiej.
Nazwa części/sekcji dzieła Monografie
Oznaczenie tomu 50
856 ## - LOKALIZACJA I DOSTĘP DO ELEKTRONICZNYCH DOKUMENTÓW ZDALNYCH
Link (URL) http://koha.tu.koszalin.pl/cgi-bin/koha/opac-detail.pl?biblionumber=56378
Tekst linku Katalog online BPK
942 ## - DODATKOWE ELEMENTY (KOHA)
Typ dokumentu Książka
Egzemplarze
Wycofany Status egzemplarza Uszkodzony Dostępność Lokalizacja stała Lokalizacja bieżąca Miejsce przechowywania Sygnatura Kod kreskowy Dział Typ dokumentu
      Tylko na miejscu Czytelnia Wydziału Elektroniki i Informatyki, Wydziału Architektury i Wzornictwa, Wydziału Inżynierii Mechanicznej i Energetyki oraz Wydziału Inżynierii Lądowej, Środowiska i Geodezji Czytelnia Wydziału Elektroniki i Informatyki, Wydziału Architektury i Wzornictwa, Wydziału Inżynierii Mechanicznej i Energetyki oraz Wydziału Inżynierii Lądowej, Środowiska i Geodezji Czytelnia Wydziałowa ul. Śniadeckich 2 91088 02471532 697 Ogrzewanie, wentylacja i klimatyzacja budynków Książka
© 2023 Biblioteka Politechniki Koszalińskiej :: KOHA